LEADER 00777nam0-22002771i-450- 001 990006193270403321 005 19980601 035 $a000619327 035 $aFED01000619327 035 $a(Aleph)000619327FED01 035 $a000619327 100 $a19980601d1981----km-y0itay50------ba 105 $a--------00-yy 200 1 $aIntroduzione allo studio del diritto inglese$ele fonti$fGiovanni Criscuoli. 210 $aMilano$cGiuffre'$d1981 215 $a593 p.$d24 cm 676 $a349.42 700 1$aCriscuoli,$bGiovanni$0112868 801 0$aIT$bUNINA$gRICA$2UNIMARC 901 $aBK 912 $a990006193270403321 952 $aI D 574$b26362*$fFGBC 959 $aFGBC 996 $aIntroduzione allo studio del diritto inglese$964396 997 $aUNINA DB $aGIU01 LEADER 03825nam 2200721 450 001 9910797444403321 005 20230807221348.0 010 $a3-11-042416-9 010 $a3-11-042428-2 024 7 $a10.1515/9783110424164 035 $a(CKB)3710000000455811 035 $a(EBL)2129562 035 $a(SSID)ssj0001559561 035 $a(PQKBManifestationID)16190532 035 $a(PQKBTitleCode)TC0001559561 035 $a(PQKBWorkID)14824041 035 $a(PQKB)11074502 035 $a(MiAaPQ)EBC2129562 035 $a(DE-B1597)451881 035 $a(OCoLC)952799412 035 $a(DE-B1597)9783110424164 035 $a(Au-PeEL)EBL2129562 035 $a(CaPaEBR)ebr11088133 035 $a(CaONFJC)MIL816992 035 $a(OCoLC)918623361 035 $a(EXLCZ)993710000000455811 100 $a20150825h20152015 uy 0 101 0 $aeng 135 $aur||#|||||||| 181 $ctxt 182 $cc 183 $acr 200 10$aCognitive lexicography $ea new approach to lexicography making use of cognitive semantics /$fCarolin Ostermann 210 1$aBerlin, [Germany] ;$aBoston, [Massachusetts] :$cDe Gruyter,$d2015. 210 4$d©2015 215 $a1 online resource (392 p.) 225 1 $aLexicographica : Series Maior,$x0175-9264 ;$vVolume 149 300 $aDescription based upon print version of record. 311 $a3-11-042744-3 320 $aIncludes bibliographical references. 327 $tFront matter --$tPreface --$tContents --$tList of Figures --$tList of Tables --$t1. A new approach to lexicography --$t2. A history of learner lexicography --$t3. Principles of learner lexicography --$t4. Cognitive linguistics and lexicography --$t5. Person-denoting nouns --$t6. Abstract nouns: emotion terms --$t7. Particles --$t8. Synopsis: cognitive lexicography --$t9. Lexicography in the future --$tReferences 330 $aEnglish lexicography and linguistics have always shared close ties, yet the potential of cognitive linguistics for lexicography has only been hesitantly acknowledged in the literature. This is what cognitive lexicography attempts to change by using insights gained in cognitive semantic research for the development of new dictionary features. After a short survey of the history and practice of English monolingual learner lexicography, as well as an outline of the relationship between linguistics and lexicography, three new dictionary features are developed. They cover three different cognitive semantic theories as well as three different parts of the monolingual dictionary entry, each time for a new set of lexemes. Frame semantics, conceptual metaphor theory, as well as cognitive conceptions of polysemy, are used to create a new example section for agentive nouns, a new defining structure for emotion terms and a new microstructural arrangement for particle entries. Dictionary analyses on all, as well as user studies on two of the features, complement these suggestions. The monograph thus presents a new approach to lexicography that incorporates into its description of lexical items how humans perceive and conceptualise language. 410 0$aLexicographica.$pSeries maior ;$vVolume 149. 606 $aCognitive grammar 606 $aLexicography 606 $aSemantics 610 $aCognitive Metaphor Theory. 610 $aCognitive Polysemy. 610 $aCognitive Semantics. 610 $aEnglish Monolingual Learner Dictionaries. 610 $aFrame Semantics. 615 0$aCognitive grammar. 615 0$aLexicography. 615 0$aSemantics. 676 $a415 700 $aOstermann$b Carolin$01568955 801 0$bMiAaPQ 801 1$bMiAaPQ 801 2$bMiAaPQ 906 $aBOOK 912 $a9910797444403321 996 $aCognitive lexicography$93841455 997 $aUNINA LEADER 01379nam0 22003253i 450 001 TO00307849 005 20251003044404.0 010 $a8814044848 100 $a20130827d1993 ||||0itac50 ba 101 | $aita 102 $ait 181 1$6z01$ai $bxxxe 182 1$6z01$an 183 1$6z01$anc$2RDAcarrier 200 1 $aConcorrenza e mercato$erassegna degli orientamenti dell'Autorita garante/ raccolti da Gustavo Ghidini, Berardino Libonati, Piergaetano Marchetti ;con Giampiero Amorelli ... [et al.]$ae con il contributo di Riccardo Alessi ... [et al.].- Milano$eGiuffre, 1993 215 $aVIII, 428 p.$d25 cm. 606 $aAutoritą garante della concorrenza e del mercato$2FIR$3CFIC094207$9E 676 $a343.0721$9LEGISLAZIONE ANTRITRUST$v22 702 1$aGhidini$b, Gustavo$3CFIV032754 702 1$aLibonati$b, Berardino$f <1934-2010>$3MILV028450 702 1$aAmorelli$b, Giampiero$3MILV090621 801 3$aIT$bIT-000000$c20130827 850 $aIT-BN0095 901 $bNAP 01$cD $n$ 912 $aTO00307849 950 0$aBiblioteca Centralizzata di Ateneo$d 01D (AR) 16 600$e 01AR 0700166005 VMA A4 1 v.$fY $h19950623$i20181002 977 $a 01 996 $aE con il contributo di Riccardo Alessi ... .- Milano$94402235 996 $aConcorrenza e mercato$957384 997 $aUNISANNIO